Colleges of the 2025 Miami Heat - Statistics

General Stats
  • This quiz has been taken 11 times
  • The average score is 9 of 17
Answer Stats
Player College % Correct
Bam Adebayo Kentucky
100%
Tyler Herro Kentucky
100%
Andrew Wiggins Kansas
91%
Jaime Jaquez Jr. UCLA
73%
Norman Powell UCLA
73%
Terry Rozier Louisville
64%
Kasparas Jakucionis Illinois
55%
Simone Fontecchio None
55%
Nikola Jovic None
55%
Keshad Johnson Arizona
45%
Pelle Larsson Arizona
45%
Vladislav Goldin Michigan
45%
Davion Mitchell Baylor
36%
Kel'el Ware Indiana
36%
Jahmir Young Maryland
27%
Dru Smith Missouri
27%
Myron Gardner Little Rock
18%
No matching quizzes found
Score Distribution
Percent of People with Each Score
Percentile by Number Answered
Your Score History
You have not taken this quiz